Γνώσεις και στάσεις των Κύπριων εκπαιδευτικών πρωτοβάθμιας εκπαίδευσης απέναντι στις ΑΠΕ : Διπλωματική εργασία [μεταπτυχιακή εργασία]

Αποθηκεύτηκε σε:
Λεπτομέρειες βιβλιογραφικής εγγραφής
Κύριος συγγραφέας: Πίκολου, Αντιγόνη
Συγγραφή απο Οργανισμό/Αρχή: Πανεπιστήμιο Αιγαίου Σχολή Ανθρωπιστικών Επιστημών Τμήμα Επιστημών της Προσχολικής Αγωγής και του Εκπαιδευτικού Σχεδιασμού Πρόγραμμα Μεταπτυχιακών Σπουδών Περιβαλλοντική Εκπαίδευση
Άλλοι συγγραφείς: Λιαράκου, Γεωργία (Εισηγητής διατριβής)
Μορφή: Thesis Βιβλίο
Γλώσσα:Greek
Δημοσίευση: 2009
Θέματα:
Διαθέσιμο Online:http://hdl.handle.net/11610/13802
Ετικέτες: Προσθήκη ετικέτας
Δεν υπάρχουν, Καταχωρήστε ετικέτα πρώτοι!

MARC

LEADER 00000cam a2200000 i 4500
001 1/14555
008 110805s2009 gre d
035 |l 10110623 
040 |a GR-MY-UA  |b gre  |e aacr 
041 0 |a gre 
082 0 |a 333.79  |2 (22) 
100 1 |a Πίκολου, Αντιγόνη. 
245 1 0 |a Γνώσεις και στάσεις των Κύπριων εκπαιδευτικών πρωτοβάθμιας εκπαίδευσης απέναντι στις ΑΠΕ :  |b Διπλωματική εργασία [μεταπτυχιακή εργασία] /  |c Πίκολου Αντιγόνη ; επιβλέπουσα: Λιαράκου Γεωργία 
260 |c 2009 
300 |a 212 σ.;  |c 30 εκ. 
500 |a Μέλη εξεταστικής επιτροπής: Ανδρεαδάκης Νίκος, Ζαχαρίου Αραβέλλα 
502 |a Διατριβή (μεταπτυχιακή) – Πανεπιστήμιο Αιγαίου, Ρόδος, 2009. 
504 |a Βιβλιογραφία: σ. 182-202 
650 0 0 |a Environmental education  |x Study and teaching (Elementary) 
650 0 0 |a Teachers  |x Attitudes. 
650 0 0 |a Renewable energy sources  |z Cyprus. 
650 0 0 |a Renewable natural resources. 
650 0 0 |a Sustainable development. 
650 0 0 |a Ecology. 
650 0 0 |a Environmental policy. 
650 0 0 |a Environmental education  |x Case studies. 
650 0 0 |a Dissertations, Academic  |z Greece. 
700 1 |a Λιαράκου, Γεωργία.  |4 ths 
710 2 |a Πανεπιστήμιο Αιγαίου  |b Σχολή Ανθρωπιστικών Επιστημών  |b Τμήμα Επιστημών της Προσχολικής Αγωγής και του Εκπαιδευτικού Σχεδιασμού  |b Πρόγραμμα Μεταπτυχιακών Σπουδών Περιβαλλοντική Εκπαίδευση. 
852 |a INST  |b RHODES  |c DIATR  |e 20110805  |h 333.79 ΠΙΚ  |p 005400033374  |q 005400033374  |t MTXE  |y 23 
852 |a INST  |b RHODES  |c DIATR  |e 20110805  |h 333.79 ΠΙΚ  |p 005400033543  |q 005400033543  |t MTXE  |y 23 
856 |u http://hdl.handle.net/11610/13802 
901 |a BIBL4-2011-2 
909 |a Ρ  |b 163896 
909 |a Ρ  |b 163897 
924 |a ΠΙΚΟΛΟΥ  |b ΑΝΤΙΓΟΝΗ  |y ΡΟΔΟΣ  |z 2011-08 
970 |z 2010/05/